000 00518nam a2200181Ia 4500
999 _c16535
_d16535
003 OSt
005 20200606115936.0
008 190216s9999||||xx |||||||||||||| ||und||
020 _a818935809X
040 _cMESKC library
082 _a891.433
_bSIN/B
100 _aSingh, Raj Bahadur
_9262
245 0 _aBhagwat Ki Kahaniyan /
_cRaj Bahadur Singh
260 _bEverest Publications,
_c2008.
_aDelhi:
300 _a136p
650 _aHindi
942 _cBK
_2ddc
_h891.433
_iSIN/B
_k891.433
_mSIN/B